UFC Champions - Leichtgewicht - Statistiken

Allgemein
  • Dieses Quiz wurde 137 mal gespielt
  • Das Durchschnittsergebnis liegt bei 5 aus 12
Antwortstatistiken
Jahr(e) Nation Kämpfer % Korrekt
2022 - heute Russland Islam Makhachev
88%
2018 - 2021 Russland Khabib Nurmagomedov
88%
2016 Irland Conor Mcgregor
82%
2021 - 2022 Brasilien Charles Oliveira
71%
2016 USA Eddie Alvarez
49%
2008 - 2010 USA B.J. Penn
30%
2013 - 2015 USA Anthony Pettis
29%
2015 - 2016 Brasilien Rafael dos Anjos
28%
2010 - 2012 USA Frankie Edgar
20%
2001 - 2002 USA Jens Pulver
20%
2012 - 2013 USA Benson Henderson
16%
2006 - 2007 USA Sean Sherk
13%
Keine übereinstimmenden Quizze gefunden
Verteilung der Resultate
Anzahl Personen mit jedem Resultat
Perzentil nach korrekt beantworteten Fragen
Ihre Resultats-Entwicklung
Sie haben dieses Quiz noch nicht gespielt